000 00811nam a2200217Ii 4500
003 JO-AjNU
008 230605s9999||||xx |||||||||||||| ||und||
017 _a2009/12/5423
040 _aJO-AjNU
_bara
_erda
_cJO-AjNU
041 _aara
050 1 4 _aJC319.R333.2012
100 3 _aالربابعة، خالد محمد,
_eauthor
_940790
245 0 0 _aدراسات في الجغرافيا السياسية (دراسة تطبيقية على الجمهورية اليمنية)
250 _aط1
264 3 1 _aعمان :دار جليس الزمان ،2012
300 _a301ص
_bيشتمل على ملاحق : ص (253-295)
336 _atext
_btxt
_2rdacontent
337 _aunmediated
_bn
_2rdamedia
338 _avolume
_bnc
_2rdacarrier
650 4 _a الجغرافيا السياسية -- اليمن 
_940791
999 _aA17339
_c20907
_d20907